|
|
|
|
| LEADER |
00000nab a2200000 a 4500 |
| 001 |
vtls010529980 |
| 003 |
SK-MaSNL |
| 005 |
20260318115331.0 |
| 008 |
130723|2013 xo w| 000 0|hun |
| 015 |
|
|
|a SNBRB2013/01
|
| 038 |
|
|
|a DSZK
|
| 040 |
|
|
|a DSZK
|b slo
|c DSZK
|e AACR2
|
| 041 |
0 |
|
|a hun
|
| 044 |
|
|
|a xo
|c SK
|
| 080 |
|
|
|a 311.312
|x (437.612)
|2 2001
|
| 100 |
1 |
|
|a Vida, Júlia B.,
|d 1969-
|4 aut
|9 108932
|
| 245 |
1 |
0 |
|a Mi lesz tíz év múlva ?!
|c B. Vida Júlia
|
| 300 |
|
|
|b Fotogr.
|
| 650 |
0 |
7 |
|a štatistika obyvateľstva
|2 dszk
|9 370093
|
| 650 |
0 |
7 |
|a národnostné zloženie
|2 dszk
|9 1330438
|
| 651 |
|
7 |
|a Dunajská Streda (Slovensko : okres)
|2 dszk
|9 145813
|
| 773 |
0 |
|
|t Szabad újság
|g Évf. XX, sz. 2 (2013), o. 27
|x 1335-6631
|
| 852 |
|
|
|a DSZK
|b KIS3GCP
|
| 958 |
|
|
|a HU
|
| 958 |
|
|
|a SK
|
| 999 |
|
|
|c 3306513
|d 3308443
|